Statistics / (Record no. 3554)

MARC details
000 -LEADER
fixed length control field 01199nac a22003735a 4500
003 - CONTROL NUMBER IDENTIFIER
control field EG-ScBUE
005 - DATE AND TIME OF LATEST TRANSACTION
control field 20241126094907.0
006 - FIXED-LENGTH DATA ELEMENTS--ADDITIONAL MATERIAL CHARACTERISTICS--GENERAL INFORMATION
fixed length control field m||||fq||h 00| 0
008 - FIXED-LENGTH DATA ELEMENTS--GENERAL INFORMATION
fixed length control field 150824t2006 njua f 001 0 eng d
020 ## - INTERNATIONAL STANDARD BOOK NUMBER
International Standard Book Number 0131497553
020 ## - INTERNATIONAL STANDARD BOOK NUMBER
International Standard Book Number 9780131497559
040 ## - CATALOGING SOURCE
Original cataloging agency EG-Sc BUE
Language of cataloging eng
Description conventions rda
Transcribing agency EG-Sc BUE
Modifying agency EG-ScBUE
082 04 - DEWEY DECIMAL CLASSIFICATION NUMBER
Classification number 519.5
Item number MCC
Edition number 22
100 1# - MAIN ENTRY--PERSONAL NAME
Personal name McClave, James T.,
Relator term author.
245 10 - TITLE STATEMENT
Title Statistics /
Statement of responsibility, etc James T. McClave, info tech, Inc., University of Florida, Terry Sincich, University of South Florida.
250 ## - EDITION STATEMENT
Edition statement Tenth edition.
264 #1 - PUBLICATION, DISTRIBUTION, ETC. (IMPRINT)
Place of publication, distribution, etc Upper Saddle River, New Jersey :
Name of publisher, distributor, etc Pearson Prentice Hall,
Date of publication, distribution, etc [2006]
264 #4 - PUBLICATION, DISTRIBUTION, ETC. (IMPRINT)
Date of publication, distribution, etc c2006
300 ## - PHYSICAL DESCRIPTION
Extent xxiv, 935 pages :
Other physical details illustrations ;
Dimensions 26 cm +
Accompanying material 1 CD
336 ## - CONTENT TYPE
Source rdacontent
Content type term text
Content type code txt
336 ## - CONTENT TYPE
Source rdacontent
Content type term sounds
Content type code snd
337 ## - MEDIA TYPE
Media type term unmediated
Source rdamedia
Media type code n
337 ## - MEDIA TYPE
Media type term audio
Source rdamedia
Media type code s
338 ## - CARRIER TYPE
Carrier type term volume
Carrier type code nc
Source rdacarrier
338 ## - CARRIER TYPE
Carrier type term computer disc
Carrier type code cd
Source rdacarrier
500 ## - GENERAL NOTE
General note Includes index.<br/>
590 ## - LOCAL NOTE (RLIN)
Local note Doha
650 #7 - SUBJECT ADDED ENTRY--TOPICAL TERM
Topical term or geographic name as entry element Statistics.
Source of heading or term BUEsh
651 ## - SUBJECT ADDED ENTRY--GEOGRAPHIC NAME
Source of heading or term BUEsh
653 ## - INDEX TERM--UNCONTROLLED
Resource For college Engineering, General
Arrived date list August2015
655 ## - INDEX TERM--GENRE/FORM
Form subdivision Reading book
700 ## - ADDED ENTRY--PERSONAL NAME
Personal name Sincich, Terry,
Relator term author.
942 ## - ADDED ENTRY ELEMENTS (KOHA)
Koha item type Book - Borrowing
Source of classification or shelving scheme Dewey Decimal Classification
Holdings
Withdrawn status Lost status Source of classification or shelving scheme Damaged status Not for loan Collection code Home library Current library Shelving location Date acquired Source of acquisition Total Checkouts Full call number Barcode Date last seen Date checked out Koha item type Total Renewals
    Dewey Decimal Classification     Baccah Central Library Central Library First floor 29/04/2007 Purchase 3 519.5 MCC 000030187 15/07/2025 06/04/2014 Book - Borrowing  
    Dewey Decimal Classification     Baccah Central Library Central Library First floor 29/04/2007 Purchase   519.5 MCC 000030188 15/07/2025   NB - Book (Non borrowing)  
    Dewey Decimal Classification     Baccah Central Library Central Library First floor 29/04/2007 Purchase 2 519.5 MCC 000030186 15/07/2025   Book - Borrowing  
    Dewey Decimal Classification     Baccah Central Library Central Library First floor 29/04/2007 Purchase 3 519.5 MCC 000006385 15/07/2025 02/05/2017 Book - Borrowing 1
    Dewey Decimal Classification     Baccah Central Library Central Library First floor 29/04/2007 Purchase 1 519.5 MCC 000006799 24/08/2022 12/05/2014 CD | DVD - With book  
    Dewey Decimal Classification     Baccah Central Library Central Library First floor 29/04/2007 Purchase 1 519.5 MCC 000006798 24/08/2022 18/02/2009 CD | DVD - With book  
    Dewey Decimal Classification     Baccah Central Library Central Library First floor 07/11/2006 Purchase 1 519.5 MCC 000007511 24/08/2022   CD | DVD - With book